000 00294nam a2200121Ia 4500
008 240731s9999 xx 000 0 und d
022 _a1651-1999
245 0 _aBlood Pressure
260 _bTaylor & Francis
856 _uhttps://www.tandfonline.com/loi/iblo20
942 _2ddc
942 _cTFEJ
999 _c75645
_d75645
945 _a1
_bMadushi Gamage
_c1
_dMadushi Gamage